| 000 | 00355nam a22001337a 4500 | ||
|---|---|---|---|
| 008 | 250319b |||||||| |||| 00| 0 eng d | ||
| 020 | _a9789785371451 | ||
| 050 |
_aJK271 _b.B37 |
||
| 100 | _aBASSEY, Oyon Celestine | ||
| 245 | _aPublic Policy in Nigeria | ||
| 260 |
_aNigeria _bConcept Publication (Press Division) _c2015 |
||
| 300 | _aix, 952 | ||
| 942 | _cBK | ||
| 999 |
_c2448 _d2448 |
||